[Event "75th POL-ch"]
[Site "Warsaw POL"]
[Date "2018.05.12"]
[Round "1.1"]
[White "Sadzikowski, Daniel"]
[Black "Krasenkow, Michal"]
[Result "1/2-1/2"]
[WhiteElo "2588"]
[BlackElo "2628"]
[EventDate "2018.05.12"]
[PlyCount "65"]

1.d4 d5 2.c4 e6 3.Nf3 c6 4.e3 Bd6 5.Bd3 f5 6.O-O Nf6 7.b3 Qe7 8.Bb2 b6 9.
Nc3 O-O 10.Ne2 Bb7 11.Nf4 Nbd7 12.Be2 c5 13.Ng5 Bxf4 14.exf4 cxd4 15.Qxd4 
h6 16.Nf3 dxc4 17.bxc4 Rac8 18.Qe3 Bxf3 19.Qxf3 Nc5 20.Rfd1 Rfd8 21.Qa3 
Rc7 22.f3 Rxd1+ 23.Rxd1 Rd7 24.Qe3 Nh7 25.Rd4 Nf8 26.Bd1 Rxd4 27.Qxd4 Qd7 
28.Bc2 Qxd4+ 29.Bxd4 Nfd7 30.Kf2 Kf7 31.Ke3 g6 32.Kd2 Nb8 33.Bc3 1/2-1/2

[Event "75th POL-ch"]
[Site "Warsaw POL"]
[Date "2018.05.12"]
[Round "1.2"]
[White "Piorun, Kacper"]
[Black "Wojtaszek, Radoslaw"]
[Result "1/2-1/2"]
[WhiteElo "2633"]
[BlackElo "2750"]
[EventDate "2018.05.12"]
[PlyCount "61"]

1.e4 c5 2.c3 Nf6 3.e5 Nd5 4.Nf3 Nc6 5.Bc4 Nb6 6.Bb3 c4 7.Bc2 d6 8.exd6 
Qxd6 9.O-O g6 10.b3 Bg7 11.Na3 cxb3 12.axb3 O-O 13.Nc4 Nxc4 14.bxc4 Be6 
15.Qe2 Qc5 16.Ra4 Na5 17.d4 Qc7 18.Bd3 Rac8 19.Bf4 Qxf4 20.Rxa5 Qc7 21.
Rxa7 Bxc4 22.Bxc4 Qxc4 23.Qxe7 Qxc3 24.Rxb7 Bxd4 25.Nxd4 Qxd4 26.Rd7 Qc5 
27.Qxc5 Rxc5 28.Rfd1 h5 29.h4 Ra5 30.Rd8 Rxd8 31.Rxd8+ 1/2-1/2

[Event "75th POL-ch"]
[Site "Warsaw POL"]
[Date "2018.05.12"]
[Round "1.3"]
[White "Bartel, Mateusz"]
[Black "Mista, Aleksander"]
[Result "1-0"]
[WhiteElo "2604"]
[BlackElo "2590"]
[EventDate "2018.05.12"]
[PlyCount "113"]

1.e4 c5 2.Nf3 d6 3.Bb5+ Nd7 4.Ba4 Nf6 5.O-O a6 6.c4 g6 7.Nc3 Bg7 8.d3 O-O 
9.h3 b6 10.Be3 Bb7 11.Rb1 e6 12.b4 Qc7 13.Qd2 Rfd8 14.Rfc1 Rab8 15.Bg5 
Rdc8 16.a3 Nf8 17.Nh2 e5 18.Nd5 Nxd5 19.cxd5 f5 20.bxc5 dxc5 21.Qa2 Kh8 
22.Bd2 f4 23.Bd1 h5 24.a4 Nd7 25.g4 Nf6 26.Bc3 Re8 27.Qb2 Bc8 28.Nf3 Nh7 
29.a5 b5 30.Bb4 hxg4 31.Rxc5 Qf7 32.hxg4 Bxg4 33.Kf1 Bh3+ 34.Ke1 g5 35.d6 
g4 36.Nxe5 Rxe5 37.Rxe5 g3 38.Bf3 Qg6 39.Bc3 g2 40.Re7 g1=Q+ 41.Ke2 Q1g5 
42.Rxg7 Qxg7 43.Rh1 Be6 44.Bxg7+ Qxg7 45.e5 Re8 46.Be4 f3+ 47.Kd2 Qg5+ 48.
Kc2 Rc8+ 49.Kb1 Qg2 50.Rxh7+ Kg8 51.Rc7 Rxc7 52.dxc7 Kf7 53.Qd2 Ke7 54.Qe3
Qf1+ 55.Kc2 Kd7 56.Qd4+ Kxc7 57.Qd6+ 1-0

[Event "75th POL-ch"]
[Site "Warsaw POL"]
[Date "2018.05.12"]
[Round "1.4"]
[White "Socko, Bartosz"]
[Black "Duda, Jan-Krzysztof"]
[Result "1/2-1/2"]
[WhiteElo "2593"]
[BlackElo "2724"]
[EventDate "2018.05.12"]
[PlyCount "77"]

1.d4 Nf6 2.c4 e6 3.Nf3 b6 4.g3 Ba6 5.b3 Bb4+ 6.Bd2 Be7 7.Nc3 c6 8.e4 d5 9.
Bd3 dxe4 10.Nxe4 Nbd7 11.Bc3 Bb7 12.Qe2 O-O 13.O-O Nxe4 14.Bxe4 Nf6 15.Bc2
c5 16.dxc5 bxc5 17.Ng5 Qc7 18.Rad1 Qc6 19.f3 h6 20.Ne4 Ne8 21.Rd3 f5 22.
Nf2 Bf6 23.Rfd1 Bxc3 24.Rxc3 Nf6 25.Re3 Rae8 26.Nd3 Ng4 27.fxg4 fxg4 28.
Nf4 Qh1+ 29.Kf2 Rxf4+ 30.gxf4 Qxh2+ 31.Ke1 g3 32.Rxe6 Qg1+ 33.Kd2 Qd4+ 34.
Bd3 Qb2+ 35.Ke1 Qc3+ 36.Rd2 Qc1+ 37.Rd1 Qc3+ 38.Rd2 Qc1+ 39.Rd1 1/2-1/2

[Event "75th POL-ch"]
[Site "Warsaw POL"]
[Date "2018.05.12"]
[Round "1.5"]
[White "Tomczak, Jacek"]
[Black "Gajewski, Grzegorz"]
[Result "1/2-1/2"]
[WhiteElo "2589"]
[BlackElo "2599"]
[EventDate "2018.05.12"]
[PlyCount "49"]

1.e4 e5 2.Nf3 Nc6 3.Bb5 Nf6 4.d3 Bc5 5.Bxc6 dxc6 6.Nbd2 Be6 7.Qe2 Nd7 8.b3
Qe7 9.Bb2 f6 10.d4 exd4 11.Nxd4 Bxd4 12.Bxd4 a5 13.a4 c5 14.Bb2 O-O-O 15.
O-O Nb8 16.Nc4 Nc6 17.Bc3 b6 18.Nxa5 Nxa5 19.Bxa5 bxa5 20.Qa6+ Kb8 21.Qb5+
Kc8 22.Qa6+ Kb8 23.Qb5+ Kc8 24.Qa6+ Kb8 25.Qb5+ 1/2-1/2

[Event "75th POL-ch"]
[Site "Warsaw POL"]
[Date "2018.05.13"]
[Round "2.1"]
[White "Krasenkow, Michal"]
[Black "Gajewski, Grzegorz"]
[Result "1-0"]
[WhiteElo "2628"]
[BlackElo "2599"]
[EventDate "2018.05.12"]
[PlyCount "113"]

1.d4 Nf6 2.c4 e6 3.Nf3 d5 4.Nc3 Bb4 5.e3 O-O 6.Bd2 Nbd7 7.Qc2 c5 8.dxc5 
Nxc5 9.cxd5 Nxd5 10.Nxd5 Bxd2+ 11.Qxd2 exd5 12.Be2 Ne4 13.Qb4 Bg4 14.O-O 
Bxf3 15.Bxf3 Ng5 16.Be2 Qf6 17.Qxb7 Rab8 18.Qxa7 Rxb2 19.Qa6 Ne4 20.Qxf6 
gxf6 21.Bf3 Nd2 22.Rfd1 Nxf3+ 23.gxf3 Rc8 24.a4 Rcc2 25.Rdb1 Rxb1+ 26.Rxb1
Ra2 27.Rb4 Kg7 28.Rg4+ Kh6 29.Kg2 f5 30.Rb4 Kg6 31.Kg3 Kf6 32.Rb6+ Kg7 33.
Ra6 f4+ 34.Kxf4 Rxf2 35.h4 Rh2 36.Kg3 Re2 37.Rd6 Rxe3 38.Rxd5 Ra3 39.a5 
Kg6 40.h5+ Kg7 41.Kf4 Kf6 42.Ke4 Ra4+ 43.Kd3 Ke6 44.Rb5 Rf4 45.Rb6+ Kd5 
46.Ke3 Ra4 47.a6 f5 48.Kd3 Ra3+ 49.Kc2 Ke5 50.Kb2 Ra5 51.Kb3 Kf4 52.Kb4 
Ra1 53.Kb5 Kg5 54.h6 Ra3 55.Rc6 Rb3+ 56.Ka4 Rb1 57.Ka5 1-0

[Event "75th POL-ch"]
[Site "Warsaw POL"]
[Date "2018.05.13"]
[Round "2.2"]
[White "Duda, Jan-Krzysztof"]
[Black "Tomczak, Jacek"]
[Result "1/2-1/2"]
[WhiteElo "2724"]
[BlackElo "2589"]
[EventDate "2018.05.12"]
[PlyCount "58"]

1.c4 Nf6 2.Nc3 c5 3.Nf3 d5 4.cxd5 Nxd5 5.e3 Nxc3 6.bxc3 g6 7.h4 Bg7 8.h5 
Nc6 9.Ba3 b6 10.Rc1 Qd5 11.Qb3 Be6 12.c4 Qd7 13.Bb2 O-O 14.Bxg7 Kxg7 15.d4
cxd4 16.exd4 Bg4 17.d5 Bxf3 18.Qc3+ f6 19.gxf3 Ne5 20.f4 Qg4 21.Qe3 Nf3+ 
22.Kd1 Nd4+ 23.Kd2 Nf5 24.Qe4 e5 25.dxe6 Nd6 26.Qe3 Nf5 27.Qe4 Nd6 28.Qe3 
Nf5 29.Qe4 Nd6 1/2-1/2

[Event "75th POL-ch"]
[Site "Warsaw POL"]
[Date "2018.05.13"]
[Round "2.3"]
[White "Mista, Aleksander"]
[Black "Socko, Bartosz"]
[Result "1-0"]
[WhiteElo "2590"]
[BlackElo "2593"]
[EventDate "2018.05.12"]
[PlyCount "175"]

1.e4 c6 2.d4 d5 3.Nc3 dxe4 4.Nxe4 Bf5 5.Ng3 Bg6 6.h4 h6 7.Nf3 e6 8.h5 Bh7 
9.Bd3 Bxd3 10.Qxd3 Nf6 11.Bd2 Qb6 12.O-O-O Qa6 13.Qxa6 Nxa6 14.Rde1 Be7 
15.Ne4 Rd8 16.Nxf6+ Bxf6 17.Be3 Nb4 18.a3 Nd5 19.Bd2 Nb6 20.Re4 Nc4 21.Bf4
b5 22.b3 Nd6 23.Re2 a5 24.Ne5 Nf5 25.Nxc6 Nxd4 26.Nxd4 Rxd4 27.Bc7 a4 28.
Rd1 Bg5+ 29.f4 Bxf4+ 30.Bxf4 Rxf4 31.Rd5 axb3 32.c3 O-O 33.Rxb5 Ra8 34.Kb2
Rfa4 35.Rxb3 R8a5 36.Rc2 Rxh5 37.c4 Rc5 38.Rb8+ Kh7 39.Kb3 Rca5 40.Ra2 Ra7
41.Rb4 R4a5 42.a4 Re5 43.Rb5 Re1 44.a5 e5 45.a6 e4 46.Kb4 e3 47.Ka5 Re7 
48.Rbb2 Rc1 49.Kb5 Re5+ 50.Kb6 Rxc4 51.a7 Re6+ 52.Kb7 e2 53.Rxe2 Rb4+ 54.
Ka8 Reb6 55.Re8 Rb2 56.Rxb2 Rxb2 57.Rb8 Rxg2 58.Kb7 Ra2 59.a8=Q Rxa8 60.
Rxa8 g5 61.Kc6 Kg6 62.Kd5 Kf5 63.Ra1 Kf4 64.Ra4+ Kf5 65.Kd4 Kf4 66.Kd3+ 
Kf3 67.Ra5 Kg4 68.Ra4+ Kf3 69.Ra5 Kg4 70.Ke3 f5 71.Kf2 h5 72.Kg2 h4 73.
Ra4+ Kh5 74.Ra5 Kg6 75.Kh3 Kf6 76.Ra6+ Kf7 77.Kg2 g4 78.Kf2 Kg7 79.Ke3 h3 
80.Kf4 Kf7 81.Rh6 Kg7 82.Rh5 Kg6 83.Rh4 Kf6 84.Rh8 Kg7 85.Rc8 Kg6 86.Rf8 
Kh6 87.Rf6+ Kg7 88.Rxf5 1-0

[Event "75th POL-ch"]
[Site "Warsaw POL"]
[Date "2018.05.13"]
[Round "2.4"]
[White "Wojtaszek, Radoslaw"]
[Black "Bartel, Mateusz"]
[Result "1-0"]
[WhiteElo "2750"]
[BlackElo "2604"]
[EventDate "2018.05.12"]
[PlyCount "157"]

1.d4 d5 2.c4 c6 3.Nc3 dxc4 4.e3 b5 5.a4 b4 6.Ne4 Qd5 7.Nd2 c3 8.bxc3 bxc3 
9.Nb1 Qa5 10.Qc2 Na6 11.Qxc3 Qxc3+ 12.Nxc3 Nb4 13.Rb1 a5 14.Nf3 Nf6 15.Ne5
Bf5 16.Rb2 Nd7 17.e4 Nxe5 18.dxe5 Bc8 19.Bc4 e6 20.Be3 Be7 21.Ke2 O-O 22.
Rd1 Rd8 23.Rxd8+ Bxd8 24.Bc5 Ba6 25.Bxa6 Nxa6 26.Bd6 Ra7 27.Nb1 f6 28.Nd2 
fxe5 29.Nc4 Bc7 30.Bxc7 Rxc7 31.Nxa5 Nc5 32.Rb4 Kf8 33.Nc4 Nxe4 34.Nxe5 
Nc3+ 35.Kd3 Nd5 36.Rb8+ Ke7 37.Kc4 Kd6 38.Nd3 Rf7 39.g3 Kc7 40.Rg8 Kb6 41.
Re8 Rf6 42.Rb8+ Kc7 43.Rg8 Rf7 44.f4 Kd6 45.Rd8+ Ke7 46.Rb8 Kd6 47.Kd4 g5 
48.fxg5 Ra7 49.Rd8+ Ke7 50.Rh8 Kd6 51.Nb2 Nb6 52.h4 c5+ 53.Kd3 Ke5 54.a5 
Rxa5 55.Rb8 Ra3+ 56.Ke2 Rxg3 57.Rxb6 Rh3 58.Nd3+ Kf5 59.Rc6 Rxh4 60.Rxc5+ 
Kg4 61.Ne5+ Kh5 62.Nf3 Rh1 63.Rc8 h6 64.Rg8 Ra1 65.g6 Ra5 66.Ke3 Ra4 67.
Ne5 Ra3+ 68.Kd4 Ra4+ 69.Kc5 Ra5+ 70.Kd6 Ra6+ 71.Ke7 Kg5 72.Nf7+ Kh5 73.Ne5
Kg5 74.Rf8 Ra7+ 75.Kxe6 h5 76.Rf5+ Kh6 77.Rf7 Ra6+ 78.Kf5 h4 79.Rh7# 1-0

[Event "75th POL-ch"]
[Site "Warsaw POL"]
[Date "2018.05.13"]
[Round "2.5"]
[White "Sadzikowski, Daniel"]
[Black "Piorun, Kacper"]
[Result "0-1"]
[WhiteElo "2588"]
[BlackElo "2633"]
[EventDate "2018.05.12"]
[PlyCount "116"]

1.d4 d5 2.c4 e6 3.Nc3 Bb4 4.a3 Bxc3+ 5.bxc3 Nf6 6.e3 c6 7.a4 O-O 8.Ba3 Re8
9.Nf3 b6 10.Qb3 Ba6 11.Be2 Qc8 12.cxd5 cxd5 13.Bxa6 Qxa6 14.Rc1 Rc8 15.Nd2
Nc6 16.Qb5 Qxb5 17.axb5 Na5 18.f3 Ne8 19.Ke2 Nc4 20.Ra1 Ncd6 21.Bxd6 Nxd6 
22.Kd3 Nxb5 23.c4 dxc4+ 24.Nxc4 Nc7 25.Rhc1 Nd5 26.Nd6 Rd8 27.Nb5 a5 28.
Nc7 Nb4+ 29.Kc4 Rac8 30.Kb5 e5 31.dxe5 Nd3 32.Rc3 Nxe5 33.Kxb6 Rb8+ 34.Ka7
Rb2 35.Rxa5 f6 36.f4 Nf7 37.Rd5 Rc8 38.Rcc5 Rxg2 39.h4 Re2 40.Kb7 Rf8 41.
Rd3 Nd8+ 42.Kb6 f5 43.Kb5 Rb2+ 44.Ka4 Ne6 45.Nxe6 Ra8+ 46.Ra5 Ra2+ 47.Kb4 
R2xa5 48.h5 R5a6 49.Nc7 Rb8+ 50.Kc5 Rh6 51.Rd7 Rxh5 52.Ne6 g6 53.Kd4 Re8 
54.Ke5 Rh3 55.e4 Re3 56.Kf6 Rxe4 57.Nd8 Rf8+ 58.Kg5 Re1 0-1

[Event "75th POL-ch"]
[Site "Warsaw POL"]
[Date "2018.05.14"]
[Round "3.1"]
[White "Piorun, Kacper"]
[Black "Krasenkow, Michal"]
[Result "1-0"]
[WhiteElo "2633"]
[BlackElo "2628"]
[EventDate "2018.05.12"]
[PlyCount "69"]

1.e4 c5 2.Nf3 Nc6 3.Bb5 e6 4.O-O Nge7 5.d4 cxd4 6.Nxd4 Qb6 7.Nxc6 Nxc6 8.
Bd3 Be7 9.Nc3 O-O 10.Kh1 Rd8 11.f4 d5 12.exd5 Nb4 13.dxe6 Bxe6 14.Qe2 Nxd3
15.cxd3 Bf6 16.f5 Bd5 17.Be3 Qa6 18.Rad1 Bc6 19.Rd2 h6 20.Rfd1 Rd7 21.Qg4 
Kh7 22.d4 Re8 23.Qg3 Qc4 24.h3 b5 25.d5 Bxc3 26.bxc3 Rxd5 27.Rxd5 Bxd5 28.
Bd4 g5 29.fxg6+ fxg6 30.Re1 Qc6 31.Rf1 Qe6 32.Kh2 g5 33.h4 Qe4 34.hxg5 Rg8
35.g6+ 1-0

[Event "75th POL-ch"]
[Site "Warsaw POL"]
[Date "2018.05.14"]
[Round "3.2"]
[White "Bartel, Mateusz"]
[Black "Sadzikowski, Daniel"]
[Result "1-0"]
[WhiteElo "2604"]
[BlackElo "2588"]
[EventDate "2018.05.12"]
[PlyCount "37"]

1.e4 c5 2.Nf3 d6 3.Nc3 Nf6 4.e5 dxe5 5.Nxe5 a6 6.g3 Qc7 7.d4 cxd4 8.Qxd4 
Nc6 9.Nxc6 Qxc6 10.Bg5 Bg4 11.Bxf6 gxf6 12.Qxg4 Qxh1 13.Qa4+ b5 14.Nxb5 
axb5 15.Qxb5+ Kd8 16.O-O-O+ Kc7 17.Rd7+ Kc8 18.Rd5 Bh6+ 19.f4 1-0

[Event "75th POL-ch"]
[Site "Warsaw POL"]
[Date "2018.05.14"]
[Round "3.3"]
[White "Socko, Bartosz"]
[Black "Wojtaszek, Radoslaw"]
[Result "1/2-1/2"]
[WhiteElo "2593"]
[BlackElo "2750"]
[EventDate "2018.05.12"]
[PlyCount "61"]

1.d4 Nf6 2.c4 e6 3.Nf3 d5 4.g3 Bb4+ 5.Bd2 Be7 6.Bg2 O-O 7.O-O Nbd7 8.Qc2 
c6 9.Bf4 b6 10.cxd5 cxd5 11.Nc3 Bb7 12.Rac1 Rc8 13.Qb3 Nh5 14.Bd2 Nhf6 15.
a4 Nb8 16.Ne5 Nfd7 17.Nb5 Rxc1 18.Rxc1 Nxe5 19.dxe5 Nc6 20.f4 Qd7 21.h4 
Rc8 22.Kh2 Bc5 23.Bc3 Ba6 24.Rd1 Na5 25.Bxa5 bxa5 26.e4 Bxb5 27.Qxb5 Qxb5 
28.axb5 d4 29.Bf1 Bb6 30.Bd3 h5 31.Kg2 1/2-1/2

[Event "75th POL-ch"]
[Site "Warsaw POL"]
[Date "2018.05.14"]
[Round "3.4"]
[White "Tomczak, Jacek"]
[Black "Mista, Aleksander"]
[Result "1-0"]
[WhiteElo "2589"]
[BlackElo "2590"]
[EventDate "2018.05.12"]
[PlyCount "107"]

1.e4 c5 2.Nf3 d6 3.d4 cxd4 4.Nxd4 Nf6 5.Nc3 g6 6.Be3 Bg7 7.f3 O-O 8.Qe2 
Nc6 9.O-O-O Nxd4 10.Bxd4 Be6 11.Kb1 Qa5 12.Qb5 Qxb5 13.Nxb5 Bd7 14.Nc7 
Rac8 15.Nd5 Nxd5 16.exd5 Bxd4 17.Rxd4 Rc5 18.Bd3 Rfc8 19.Re1 Kf8 20.g4 a5 
21.a3 b5 22.b3 Rb8 23.Kb2 Rb6 24.b4 axb4 25.axb4 Rc7 26.g5 e5 27.Rh4 Kg7 
28.f4 exf4 29.Rxf4 Bc8 30.Re8 Bb7 31.Rb8 Rc8 32.Rxc8 Bxc8 33.Kb3 Rb8 34.
Rf6 Rb6 35.Rf1 Rb7 36.Kc3 h6 37.h4 hxg5 38.hxg5 Bd7 39.Kd4 Ra7 40.c4 bxc4 
41.Bxc4 Rb7 42.Rb1 f6 43.b5 fxg5 44.b6 Kf6 45.Ba6 Rb8 46.b7 g4 47.Rc1 Kg5 
48.Ke3 Re8+ 49.Kf2 Kh4 50.Kg2 g3 51.Rc4+ Bg4 52.Rb4 Rb8 53.Be2 Rxb7 54.
Rxg4+ 1-0

[Event "75th POL-ch"]
[Site "Warsaw POL"]
[Date "2018.05.14"]
[Round "3.5"]
[White "Gajewski, Grzegorz"]
[Black "Duda, Jan-Krzysztof"]
[Result "1/2-1/2"]
[WhiteElo "2599"]
[BlackElo "2724"]
[EventDate "2018.05.12"]
[PlyCount "44"]

1.d4 d5 2.c4 c6 3.cxd5 cxd5 4.Bf4 Nc6 5.e3 Nf6 6.Bd3 Bg4 7.f3 Bh5 8.Qb3 
Qd7 9.Nc3 Bg6 10.Bb5 e6 11.Rc1 Be7 12.Na4 O-O 13.Bxc6 bxc6 14.Ne2 Rfc8 15.
Kf2 Nh5 16.Nc5 Qd8 17.Qc3 a5 18.b3 Nf6 19.Nb7 Qf8 20.Nc5 Qd8 21.Nb7 Qf8 
22.Nc5 Qd8 1/2-1/2

[Event "75th POL-ch"]
[Site "Warsaw POL"]
[Date "2018.05.15"]
[Round "4.1"]
[White "Krasenkow, Michal"]
[Black "Duda, Jan-Krzysztof"]
[Result "1/2-1/2"]
[WhiteElo "2628"]
[BlackElo "2724"]
[EventDate "2018.05.12"]
[PlyCount "176"]

1.Nf3 d5 2.d4 Nf6 3.c4 dxc4 4.e3 e6 5.Bxc4 c5 6.Qe2 a6 7.dxc5 Bxc5 8.O-O 
Nc6 9.a3 Bd6 10.b4 b5 11.Bb3 Bb7 12.Bb2 Qb8 13.Nbd2 Ne5 14.Nxe5 Bxe5 15.
Bxe5 Qxe5 16.Nf3 Bxf3 17.Qxf3 O-O 18.Qf4 Qc3 19.Rab1 Rac8 20.a4 bxa4 21.
Bxa4 Rc4 22.Rb3 Qxb3 23.Bxb3 Rxf4 24.exf4 Rb8 25.Ra1 Rxb4 26.Rxa6 g6 27.
Bc2 Rxf4 28.Ra4 Rxa4 29.Bxa4 g5 30.g3 Kg7 31.Kg2 Nd5 32.Kf3 f5 33.Bd7 Kf6 
34.Ke2 Ke7 35.Bc8 h6 36.Kd3 Nf6 37.f3 Nh5 38.Kd4 Kd6 39.Ba6 Nf6 40.Bd3 h5 
41.Bc4 h4 42.gxh4 gxh4 43.Ba6 Nd5 44.Bc4 Nf4 45.Bb3 Ng2 46.Bc4 e5+ 47.Kd3 
Ke7 48.Ke2 Kf6 49.Kf2 Nf4 50.Ke3 Kg5 51.Bb3 Ng6 52.Bc4 Ne7 53.Bb3 Nc8 54.
Be6 Nd6 55.Bd5 Nb5 56.Bc4 Nc3 57.Bb3 Nb5 58.Bc4 Nc7 59.Bb3 Ne8 60.Bf7 Nf6 
61.Be6 Kg6 62.Kd3 Nh5 63.Ke3 Kf6 64.Bc4 Nf4 65.Bb3 Nh3 66.Bc4 Ke7 67.Ba6 
Nf4 68.Bc4 Kd6 69.Bg8 Ne6 70.Bf7 Ng5 71.Bh5 Ke6 72.f4 exf4+ 73.Kxf4 Kf6 
74.Be2 Ne6+ 75.Kf3 Kg5 76.Ba6 Nd4+ 77.Ke3 Nc6 78.Kf3 Ne5+ 79.Kg2 Kg4 80.
Bc8 Nd3 81.Bd7 Nb2 82.Bc8 Nc4 83.Bd7 Ne3+ 84.Kf2 Kf4 85.Bc8 h3 86.Bxf5 
Nxf5 87.Kg1 Nh4 88.Kh1 Nf3 1/2-1/2

[Event "75th POL-ch"]
[Site "Warsaw POL"]
[Date "2018.05.15"]
[Round "4.2"]
[White "Mista, Aleksander"]
[Black "Gajewski, Grzegorz"]
[Result "1-0"]
[WhiteElo "2590"]
[BlackElo "2599"]
[EventDate "2018.05.12"]
[PlyCount "95"]

1.e4 e5 2.Nf3 Nc6 3.Bb5 Nf6 4.d3 Bc5 5.c3 O-O 6.Bg5 Be7 7.O-O d6 8.Nbd2 
Bd7 9.a4 Ng4 10.Bxe7 Qxe7 11.h3 Nh6 12.d4 a6 13.Bd3 g6 14.Nc4 Rae8 15.Qb3 
Rb8 16.Ne3 Kg7 17.Nd5 Qd8 18.dxe5 dxe5 19.a5 f5 20.Rfe1 Nf7 21.Qc2 f4 22.
Be2 h5 23.Red1 g5 24.Nh2 Rh8 25.Rd3 g4 26.Rad1 Qg5 27.Nxc7 Bc8 28.Qb3 Qg6 
29.h4 Nxa5 30.Qa2 Nc6 31.R3d2 b5 32.Qa3 Rb7 33.Rd6 Nxd6 34.Rxd6 Qxe4 35.
Bd3 b4 36.Qa1 Qxd3 37.Rxd3 Rxc7 38.Rd6 Re8 39.Qd1 Be6 40.Qa4 Bd7 41.Rxd7+ 
Rxd7 42.Qxc6 Ree7 43.cxb4 e4 44.Nf1 g3 45.Qc5 e3 46.Qg5+ Kh8 47.Qxh5+ Kg8 
48.fxe3 1-0

[Event "75th POL-ch"]
[Site "Warsaw POL"]
[Date "2018.05.15"]
[Round "4.3"]
[White "Wojtaszek, Radoslaw"]
[Black "Tomczak, Jacek"]
[Result "1/2-1/2"]
[WhiteElo "2750"]
[BlackElo "2589"]
[EventDate "2018.05.12"]
[PlyCount "108"]

1.d4 Nf6 2.c4 g6 3.Nf3 Bg7 4.g3 d5 5.cxd5 Nxd5 6.Bg2 O-O 7.O-O c5 8.e4 Nf6
9.e5 Nd5 10.dxc5 Na6 11.Qd4 Ndb4 12.Qh4 Nc2 13.Bg5 Qd7 14.Nc3 Nxa1 15.Rxa1
f6 16.Be3 Qg4 17.Qxg4 Bxg4 18.a3 Rad8 19.h3 Bd7 20.b4 Nc7 21.a4 fxe5 22.
Nd2 e4 23.Ndxe4 Nd5 24.Nxd5 Bxa1 25.Nxe7+ Kg7 26.Nd6 Bxa4 27.Bxb7 Rd7 28.
Bc6 Bxc6 29.Nxc6 a6 30.Kf1 Kf6 31.b5 axb5 32.Nxb5 Ra8 33.Ncd4 Bxd4 34.
Bxd4+ Ke6 35.c6 Rf7 36.Be3 Rc8 37.Kg2 Kd5 38.c7 Ke6 39.Bf4 Rxf4 40.gxf4 
Kd5 41.Kf3 Kc5 42.Nc3 Rxc7 43.h4 Rf7 44.Ne4+ Kd5 45.Ng3 h5 46.Nf1 Rf8 47.
Ne3+ Kd4 48.Nf1 Kd3 49.Ng3 Kd4 50.Ne2+ Kd3 51.Ng3 Rf5 52.Nxf5 gxf5 53.Kg2 
Ke2 54.Kg3 Kd2 1/2-1/2

[Event "75th POL-ch"]
[Site "Warsaw POL"]
[Date "2018.05.15"]
[Round "4.4"]
[White "Sadzikowski, Daniel"]
[Black "Socko, Bartosz"]
[Result "0-1"]
[WhiteElo "2588"]
[BlackElo "2593"]
[EventDate "2018.05.12"]
[PlyCount "80"]

1.d4 Nf6 2.c4 e6 3.g3 d5 4.Bg2 Bb4+ 5.Nd2 O-O 6.Nf3 b6 7.O-O Bb7 8.b3 Nbd7
9.Bb2 Qe7 10.a3 Bd6 11.Nh4 g6 12.cxd5 exd5 13.Nc4 Rfe8 14.Re1 Ne4 15.Nxd6 
Qxd6 16.Nf3 Ndf6 17.Ne5 h5 18.f3 Ng5 19.Qd2 Ne6 20.Rad1 Rad8 21.b4 a6 22.
Qc3 Qf8 23.Qc2 h4 24.e3 Qh6 25.g4 h3 26.Bf1 Nd7 27.Nxd7 Rxd7 28.Qf2 Rde7 
29.f4 Bc6 30.Rc1 Bb5 31.Bxb5 axb5 32.Qg3 Nd8 33.Qf3 Nb7 34.Qxd5 Rxe3 35.
Rxe3 Rxe3 36.Qxb7 Qxf4 37.Qa8+ Kh7 38.Rf1 Qxg4+ 39.Kh1 Qe6 40.Kg1 Re2 0-1

[Event "75th POL-ch"]
[Site "Warsaw POL"]
[Date "2018.05.15"]
[Round "4.5"]
[White "Piorun, Kacper"]
[Black "Bartel, Mateusz"]
[Result "1-0"]
[WhiteElo "2633"]
[BlackElo "2604"]
[EventDate "2018.05.12"]
[PlyCount "85"]

1.e4 c6 2.d4 d5 3.Nc3 dxe4 4.Nxe4 Bf5 5.Ng3 Bg6 6.Nh3 Nd7 7.Bc4 e6 8.Nf4 
Bd6 9.Nxg6 hxg6 10.Ne4 Ndf6 11.Ng5 Nd5 12.h4 Ngf6 13.Bd2 Qc7 14.Qe2 Bf4 
15.O-O-O Bxd2+ 16.Rxd2 O-O-O 17.g3 Rd7 18.Rhd1 Rhd8 19.Bb3 Qa5 20.Nf3 Re7 
21.Kb1 Nb6 22.Rd3 Qh5 23.Qe1 Qb5 24.a4 Qf5 25.Ng5 Nbd5 26.c4 Nc7 27.Bc2 
Qg4 28.Qb4 Red7 29.Nf3 Na6 30.Qe1 Qh5 31.Ne5 Re7 32.b4 Nd7 33.Nf3 Rde8 34.
b5 Nc7 35.bxc6 bxc6 36.Ne5 Nxe5 37.dxe5 Na8 38.Qe4 Rc7 39.Rd6 Nb6 40.Rxc6 
Nd7 41.Rxc7+ Kxc7 42.Qd4 Rb8+ 43.Kc1 1-0

[Event "75th POL-ch"]
[Site "Warsaw POL"]
[Date "2018.05.16"]
[Round "5.1"]
[White "Bartel, Mateusz"]
[Black "Krasenkow, Michal"]
[Result "1/2-1/2"]
[WhiteElo "2604"]
[BlackElo "2628"]
[EventDate "2018.05.12"]
[PlyCount "97"]

1.e4 c6 2.d4 d5 3.e5 Bf5 4.Nd2 e6 5.Nb3 Nd7 6.Nf3 Ne7 7.Be2 h6 8.a4 Bh7 9.
a5 a6 10.O-O Rc8 11.c3 Ng6 12.Be3 c5 13.Ne1 cxd4 14.cxd4 Ne7 15.Nd3 Nc6 
16.Nf4 Be7 17.Bd3 Bxd3 18.Nxd3 O-O 19.Qg4 Kh7 20.Qh3 Nb4 21.Bd2 Nxd3 22.
Qxd3+ Kg8 23.Rae1 Qc7 24.Qg3 Kh7 25.Qd3+ Kg8 26.Qg3 Kh7 27.Qd3+ Kh8 28.Rc1
Qb8 29.Bc3 b5 30.axb6 Qxb6 31.Nd2 Qb5 32.Qh3 Nb6 33.f4 Na4 34.f5 exf5 35.
Qxf5 Bg5 36.Rb1 Rc6 37.Nf3 Be7 38.Bd2 Nb6 39.b3 Kg8 40.Ra1 Rg6 41.Qb1 Na8 
42.Ba5 Rc6 43.Qf5 Qb7 44.Bd2 Qc8 45.Qd3 Nc7 46.Rfc1 Nb5 47.Rxc6 Qxc6 48.
Rc1 Qe6 49.h3 1/2-1/2

[Event "75th POL-ch"]
[Site "Warsaw POL"]
[Date "2018.05.16"]
[Round "5.2"]
[White "Socko, Bartosz"]
[Black "Piorun, Kacper"]
[Result "0-1"]
[WhiteElo "2593"]
[BlackElo "2633"]
[EventDate "2018.05.12"]
[PlyCount "105"]

1.c4 e5 2.g3 Nc6 3.Bg2 g6 4.Nc3 Bg7 5.d3 d6 6.e4 f5 7.Nge2 Nf6 8.O-O O-O 
9.Be3 Be6 10.Qd2 Qd7 11.exf5 gxf5 12.Nd5 Bxd5 13.cxd5 Ne7 14.Nc3 Ng4 15.
Bg5 h6 16.Bxe7 Qxe7 17.Rae1 Qd7 18.f3 Nf6 19.f4 Rae8 20.Bh3 exf4 21.Qxf4 
Ng4 22.Kh1 h5 23.Rxe8 Qxe8 24.Qg5 Kh7 25.Bxg4 fxg4 26.Rxf8 Qxf8 27.Qxh5+ 
Kg8 28.h3 Qf1+ 29.Kh2 Qf2+ 30.Kh1 Qe1+ 31.Kg2 Qd2+ 32.Kf1 Qc1+ 33.Ke2 
Qxb2+ 34.Ke3 Qxc3 35.Qe8+ Bf8 36.Qe6+ Kh8 37.Qc8 Qe1+ 38.Kf4 Qe5+ 39.Kxg4 
Qd4+ 40.Kh5 Qxd5+ 41.Kg4 Qd4+ 42.Kh5 Qe5+ 43.Kg4 Kg7 44.Qxc7+ Kg6 45.Kf3 
Qd5+ 46.Ke2 Qxa2+ 47.Kd1 Qb3+ 48.Ke2 Qe6+ 49.Kd1 Qxh3 50.Qxb7 Qf1+ 51.Kd2 
Bh6+ 52.Kc3 Qc1+ 53.Kd4 0-1

[Event "75th POL-ch"]
[Site "Warsaw POL"]
[Date "2018.05.16"]
[Round "5.3"]
[White "Tomczak, Jacek"]
[Black "Sadzikowski, Daniel"]
[Result "1/2-1/2"]
[WhiteElo "2589"]
[BlackElo "2588"]
[EventDate "2018.05.12"]
[PlyCount "51"]

1.e4 c5 2.Nf3 d6 3.d4 cxd4 4.Nxd4 Nf6 5.Nc3 a6 6.Bg5 e6 7.f4 h6 8.Bh4 Qb6 
9.a3 Be7 10.Bf2 Qc7 11.Qf3 Nbd7 12.O-O-O b5 13.g4 Bb7 14.Bg2 g5 15.Qh3 
O-O-O 16.fxg5 hxg5 17.Qg3 Ne5 18.h3 Kb8 19.Rhf1 Rc8 20.Bg1 Nfd7 21.Kb1 
Rhf8 22.Qf2 Qb6 23.Qe1 Qc7 24.Qf2 Qb6 25.Qe1 Qc7 26.Qf2 1/2-1/2

[Event "75th POL-ch"]
[Site "Warsaw POL"]
[Date "2018.05.16"]
[Round "5.4"]
[White "Gajewski, Grzegorz"]
[Black "Wojtaszek, Radoslaw"]
[Result "1/2-1/2"]
[WhiteElo "2599"]
[BlackElo "2750"]
[EventDate "2018.05.12"]
[PlyCount "81"]

1.d4 Nf6 2.c4 e6 3.Nf3 d5 4.Nc3 dxc4 5.e4 b5 6.e5 Nd5 7.Nxb5 Nb6 8.Be2 Nc6
9.O-O Be7 10.Na3 Bxa3 11.bxa3 Bb7 12.Be3 Ne7 13.Nd2 Ned5 14.Bf3 Nc3 15.Qc2
Bxf3 16.Nxf3 Ncd5 17.Nd2 Qe7 18.Nxc4 O-O 19.a4 Nxc4 20.Qxc4 Qa3 21.Bd2 Nb6
22.Qb3 Qxa4 23.Qxa4 Nxa4 24.Rfc1 Rfc8 25.Rab1 Nb6 26.Rb3 Nd5 27.Rb7 Rcb8 
28.Rcb1 Rxb7 29.Rxb7 Kf8 30.Kf1 Ke7 31.g4 Kd7 32.Rb3 a5 33.Rh3 h6 34.Ke2 
a4 35.Rf3 Ke7 36.Kd1 Rb8 37.Kc1 Rb6 38.Kc2 Rc6+ 39.Kd3 Rb6 40.Kc2 Rc6+ 41.
Kd3 1/2-1/2

[Event "75th POL-ch"]
[Site "Warsaw POL"]
[Date "2018.05.16"]
[Round "5.5"]
[White "Duda, Jan-Krzysztof"]
[Black "Mista, Aleksander"]
[Result "1-0"]
[WhiteElo "2724"]
[BlackElo "2590"]
[EventDate "2018.05.12"]
[PlyCount "109"]

1.e4 c5 2.Nf3 d6 3.d4 cxd4 4.Nxd4 Nf6 5.Nc3 g6 6.Be3 Bg7 7.f3 Nc6 8.Qd2 
O-O 9.O-O-O d5 10.Qe1 e5 11.Nxc6 bxc6 12.exd5 Nxd5 13.Bc4 Be6 14.Kb1 h6 
15.Bc5 Re8 16.Ne4 f5 17.Bb3 fxe4 18.fxe4 Qc7 19.exd5 cxd5 20.Rxd5 Kh7 21.
Bd6 Qb6 22.Rd2 e4 23.Ba3 Bxb3 24.axb3 e3 25.Rd6 Qb5 26.Qb4 Qf5 27.g4 Qe5 
28.Re1 a5 29.Qc5 Qf4 30.Rd7 Rad8 31.Rxd8 Rxd8 32.Qxe3 Qxg4 33.Ka2 Qg2 34.
c3 Qxh2 35.Qa7 Qb8 36.Qxa5 Rd7 37.Re6 Qg3 38.Re7 Rxe7 39.Bxe7 h5 40.Qd8 
Qf2 41.Qc7 Kh6 42.Bd6 Qf5 43.b4 Qd5+ 44.Ka3 h4 45.Qc5 Qa8+ 46.Kb3 Qg2 47.
b5 h3 48.Qc6 Kh5 49.Qxg2 hxg2 50.Bc5 Kg4 51.Kc4 Be5 52.b6 Kh3 53.Kd5 Bb8 
54.c4 Kh2 55.Bd4 1-0

[Event "75th POL-ch"]
[Site "Warsaw POL"]
[Date "2018.05.17"]
[Round "6.1"]
[White "Krasenkow, Michal"]
[Black "Mista, Aleksander"]
[Result "1/2-1/2"]
[WhiteElo "2628"]
[BlackElo "2590"]
[EventDate "2018.05.12"]
[PlyCount "101"]

1.Nf3 c5 2.c4 Nc6 3.d4 cxd4 4.Nxd4 Nf6 5.Nc3 e6 6.a3 Bc5 7.Nb3 Bb6 8.e4 
O-O 9.Be2 d6 10.O-O e5 11.Qd3 Be6 12.Bg5 h6 13.Bxf6 Qxf6 14.Rac1 Rac8 15.
Rc2 Qg6 16.Nd5 Bxd5 17.cxd5 Ne7 18.Rfc1 Rxc2 19.Rxc2 f5 20.Bf3 fxe4 21.
Bxe4 Qf7 22.Qf3 Qxf3 23.Bxf3 Rf4 24.Nd2 Rd4 25.Kf1 Kf8 26.Ke1 Ba5 27.b4 
Bb6 28.Nc4 e4 29.Be2 Nxd5 30.Nxb6 axb6 31.Rc8+ Ke7 32.Rb8 Kf6 33.Rxb7 g6 
34.g3 h5 35.h4 Ke5 36.Rg7 Kf6 37.Rb7 Ke5 38.Rb8 Kf6 39.Rc8 Ne7 40.Rc7 Nd5 
41.Rc4 Ke5 42.Rc6 Ke6 43.Bc4 Kd7 44.Bxd5 b5 45.Ra6 Rxd5 46.a4 Ke6 47.Ke2 
bxa4 48.Rxa4 Rd4 49.Ra5 Rxb4 50.Rg5 Kf6 51.Ke3 1/2-1/2